فن تربية الأولاد في الإسلام / (رقم التسجيلة. 119439)

تفاصيل مارك
000 -LEADER
fixed length control field 00546nam a22001817a 4500
005 - DATE AND TIME OF LATEST TRANSACTION
control field 20251108174835.0
008 - FIXED-LENGTH DATA ELEMENTS--GENERAL INFORMATION
fixed length control field 250721s2009 xx 000 0 ara d
082 14 - DEWEY DECIMAL CLASSIFICATION NUMBER
Classification number م/216.532/مرس
100 1# - MAIN ENTRY--PERSONAL NAME
Personal name مرسي، محمد سعيد
245 10 - TITLE STATEMENT
Title فن تربية الأولاد في الإسلام /
264 1# - PRODUCTION, PUBLICATION, DISTRIBUTION, MANUFACTURE, AND COPYRIGHT NOTICE
Place of production, publication, distribution, manufacture مصر :
Name of producer, publisher, distributor, manufacturer الأندلس الجديدة،
Date of production, publication, distribution, manufacture, or copyright notice 2009.
300 ## - PHYSICAL DESCRIPTION
Extent ج1..
650 17 - SUBJECT ADDED ENTRY--TOPICAL TERM
Topical term or geographic name as entry element رعاية الطفولة
650 17 - SUBJECT ADDED ENTRY--TOPICAL TERM
Topical term or geographic name as entry element التربية
650 17 - SUBJECT ADDED ENTRY--TOPICAL TERM
Topical term or geographic name as entry element التربية الإسلامية
942 ## - ADDED ENTRY ELEMENTS (KOHA)
Source of classification or shelving scheme Dewey Decimal Classification
Koha item type مراجع
المقتنيات
حالة السحب حالة الفقدان مصدر التصنيف حالة التلف غير قابل للإعارة المكتبة الرئيسية المكتبة الحالية موقع الرف تاريخ التزويد الرقم المتسلسل Total Checkouts رقم الإستدعاء الباركود تاريخ آخر ظهور تاريخ الفاتورة نوع المادة (كوها)
    Dewey Decimal Classification   Not For Loan المكتبة المركزية المكتبة المركزية مراجع 28/07/2025 1357030   م/216.532/مرس PLD00132839 28/07/2025 28/07/2025 مراجع
    Dewey Decimal Classification   Not For Loan المكتبة المركزية المكتبة المركزية مراجع 29/01/2010 1357040   م/216.532/مرس PLD00133325 28/07/2025 29/01/2010 مراجع
    Dewey Decimal Classification   Not For Loan مكتبة أبو علندا العامة مكتبة أبو علندا العامة مراجع 29/01/2010 1357034   م/216.532/مرس PLD00133332 28/07/2025 29/01/2010 مراجع
    Dewey Decimal Classification   Not For Loan مكتبة أبو علندا العامة مكتبة أبو علندا العامة مراجع 29/01/2010 1357044   م/216.532/مرس PLD00133321 28/07/2025 29/01/2010 مراجع
    Dewey Decimal Classification   Not For Loan مكتبة الأميرة ايمان العامة مكتبة الأميرة ايمان العامة مراجع 29/01/2010 1357035   م/216.532/مرس PLD00133330 28/07/2025 29/01/2010 مراجع
    Dewey Decimal Classification   Not For Loan مكتبة الأميرة ايمان العامة مكتبة الأميرة ايمان العامة مراجع 29/01/2010 1357045   م/216.532/مرس PLD00133320 28/07/2025 29/01/2010 مراجع
    Dewey Decimal Classification   Not For Loan مكتبة ومركز فرح مكتبة ومركز فرح مراجع 29/01/2010 1357039   م/216.532/مرس PLD00133326 28/07/2025 29/01/2010 مراجع
    Dewey Decimal Classification   Not For Loan مكتبة ومركز فرح مكتبة ومركز فرح مراجع 29/01/2010 1357049   م/216.532/مرس PLD00133316 28/07/2025 29/01/2010 مراجع
Implemented & Customized by: BBB with SCIT (Smart Chains for Information Technology)

Powered by Koha